000 00714nam a22002537a 4500
001 BR8006662
003 BR-BrBNA
005 20230928090810.0
007 ta
008 230509b bl.||||| |||| 00| 0 por d
040 _aBR-BrBNA
_bpor
_cBiblioteca Nacional de Agricultura
041 _a(Por)
072 _aF00
_b1587
090 _ 1587 BR8006662
100 1 _aMedeiros, H.
110 1 _aEmpresa de Assistencia Tecnica e Extensao Rural do Estado de Alagoas, Maceio (Brasil)
245 1 _aA cultura do inhame [Dioscorea cayenensis]
260 3 _aMaceio, AL (Brasil):
_c1980.
300 _a19 p.
650 _aINHAME
650 _aPRATICA CULTURAL
909 _a202309
_bLucia
_c55
_dLucia Elande
942 _cBK
999 _c30599
_d30599